| 000 | 01005cab a2200205 4500 | ||
|---|---|---|---|
| 001 | X92019 | ||
| 008 | 090401t1998 xxu||||| |||| 00| 0 eng d | ||
| 035 | _a(Sirsi) u86529 | ||
| 041 | _aeng | ||
| 245 | _aChesterfield Properties Plc v SoS Environment et. al.; Kwik Save Group Plc v SoS Environment et. al. | ||
| 260 | _c1998 | ||
| 350 | _a0 | ||
| 490 |
_aJournal of Planning and Environment Law _v[1998] JPL 568-588(21) |
||
| 520 | _aQBD 24 July 1997. Town centre redevelopment scheme - City Challenge regeneration programme - compulsory acquisition of land - economic viability of sheme - whether condition precedent to confirmation of a compulsory purchase order - application for as statutory judicial review of the confirmation dismissed. Taken from report header. | ||
| 650 | _aCHESTERFIELD PROPERTIES PLC V SOS ENVIRONMENT ET AL | ||
| 650 | _aKIWK SAVE GROUP PLC V SOS ENVIRONMENT & STOCKTON-ON-TEES BC | ||
| 690 | _aPLANNING LAW AND PRACTICE-CASE LAW | ||
| 942 | _n0 | ||
| 948 | _c02/06/1998 | ||
| 999 |
_c54463 _d54463 |
||